| LEADER | 00428nam a2200181Ia 4500 | ||
|---|---|---|---|
| 008 | 240829s9999 xx 000 0 und d | ||
| 040 | |a BIBLIOTECA-RUSB/ 629.4754 K62 | ||
| 041 | |a spa | ||
| 082 | |a 629.4754 K62 | ||
| 100 | 1 | |a Kitaigorodski, A.I | |
| 245 | 1 | 0 | |a Fotones y núcleos |
| 260 | |a Moscú |b Mir Moscú |c 1985 | ||
| 300 | |a 256 p. :il. | ||
| 650 | 7 | |a FOTONES | |
| 650 | 7 | |b LUZ | |
| 942 | |c BK |2 ddc | ||
| 991 | |a TEXTO | ||
| 999 | |c 3862 | ||